Statistics for Boston Celtics Multiple Choice

Click here to take the quiz!

General Stats

  • This quiz has been taken 38 times
  • The average score is 8 of 10

Answer Stats

Question Answer % Correct
True or false: Larry Bird has a son in the NBA?False
97%
How many championships have the Celtics won?17
91%
Who did the Celtics beat to win the 2008 NBA Finals?Los Angeles Lakers
91%
True or False: The Celtics have always played in Boston.True
88%
What player scored 53 points to beat the Wizards in 2017?Isaiah Thomas
88%
Which of these Celtics won the 1991 NBA Dunk Contest?Dee Brown
82%
How many MVPs did Larry Bird win?3
70%
Who is the leader all-time in points as a Celtic?John Havlicek
67%
Who was the first Celtics to win MVP?Bob Cousy
58%
What award is named after Celtics legend, Bill Russell?Finals MVP
48%

Score Distribution

Percentile by Number Answered

Percent of People with Each Score

Your Score History

You have not taken this quiz